| 000 | 00703cab a2200241 4500 | ||
|---|---|---|---|
| 001 | ABS45213 | ||
| 008 | 090401t1991 xxu||||| |||| 00| 0 eng d | ||
| 035 | _a(Sirsi) u51558 | ||
| 041 | _aeng | ||
| 100 | _aWright, J. | ||
| 245 | 2 | _aA brighter future for atria? | |
| 260 | _c1991 | ||
| 350 | _a0 | ||
| 490 |
_aBuilding Services _v13(10) October 1991, 57-58(2) |
||
| 520 | _aDescribes a way of incorporating energy saving concepts into atria by using daylight reflector systems. | ||
| 650 | _aATRIA | ||
| 650 | _aDAYLIGHT REFLECTOR SYSTEMS | ||
| 650 | _aENERGY EFFICIENCY | ||
| 650 | _aSOLAR ENERGY | ||
| 690 | _aBUILT ENVIRONMENT-CONSTRUCTION DESIGN | ||
| 942 | _n0 | ||
| 948 | _c04/03/1997 | ||
| 999 |
_c32007 _d32007 |
||